Planet earth : noble metals

Bibliographic Details
Other Authors: St.John, Jeggrey
Format: Book
Published: Amsterdam : Time Life Books , 1991
Series:Planet Earth
Subjects:

MARC

LEADER 00000cam a2200000 7i4500
001 0000004305
002 000004626
005 20000330.0
020 |a 0705407535 
090 0 0 |a 523.2   |b PLA 
245 1 0 |a Planet earth :   |b noble metals   |c Jeffrey St.John 
260 |a Amsterdam :   |b Time Life Books ,   |c 1991 
300 |a 176p. :   |b ill. ;   |c 26cm. 
490 0 |a Planet Earth 
650 0 0 |a Metals 
700 1 |a St.John, Jeggrey 
999 |a 030275   |b BUKU   |c RUJUKAN   |e PERPUSTAKAAN KOMUNITI PETALING JAYA